000 01154nam2a22001931 4500
001 RU\NLR\A1SV\62297
005 20251203152403.2
035 _a(NLR Aleph) 009744084
090 _a13481744
_c13481744
100 _a20041223d1925 u y0rusy50 ca
101 0 _arus
200 1 _a1905 год
_eРеволюц. движение в Арханг. губ.
_eОчерки и вопоминания
215 _a154 с.
461 1 _1001RU\NLR\A1SV\62295
_12000#$aСборник Истпарта$fАрханг. губ. комис. по организации празднования 20-летия революции 1905 г. Истпартотд. Арханг. губкома РКП(б)$v№ 2
_99954749
_aРКП(б). Архангельский губернский комитет
_cАрхангельск
_d1925
_fАрханг. губ. комис. по организации празднования 20-летия революции 1905 г. Истпартотд. Арханг. губкома РКП(б)
_nТип. "Северолес"
_tСборник Истпарта
_v№ 2
801 0 _aRU
_bNLR
_c20041223
942 _cBOOK
980 _aA1SV
980 _aNB